000 00384nam a22001697a 4500
999 _c11091
_d11091
003 OSt
008 220215b ||||| |||| 00| 0 eng d
020 _a9780070222946
082 _a005.44 PEL
100 _aPETERSEN,Richard
245 _aLinux: The complete Referene
250 _a6th
260 _aNew Delhi
_bTMH
_c2019
300 _a630
650 _aBCA
942 _2ddc
_cBK
_012